Dlhová intolerancia bakalárska práca

Enregistré dans:
Détails bibliographiques
Auteur principal: Solej, Rastislav, 1997-
Collectivité auteur: Národohospodárska fakulta EU. Katedra bankovníctva a medzinárodných financií
Autres auteurs: Kotlebová, Jana, 1969-
Format: Livre
Langue:slovaque
Publié: Bratislava 2018
Tags: Ajouter un tag
Pas de tags, Soyez le premier à ajouter un tag!

MARC

LEADER 00000nbm a2200000 4500
001 0245874
005 20181214130130.4
041 0 |a slo 
044 |a SK 
245 1 0 |a Dlhová intolerancia  |b bakalárska práca  |c Rastislav Solej ; školiteľ: Jana Kotlebová 
264 1 |a Bratislava  |c 2018 
300 |a 60 s. 
100 1 |a Solej, Rastislav, 1997- 
700 1 |a Kotlebová, Jana, 1969- 
710 2 |a Národohospodárska fakulta EU. Katedra bankovníctva a medzinárodných financií